Thiết kế tối ưu
Wedi'i Gadw mewn:
| Prif Awdur: | |
|---|---|
| Fformat: | Llyfr |
| Iaith: | Undetermined |
| Cyhoeddwyd: |
Hà Nội
Xây dựng
2009
|
| Pynciau: | |
| Tagiau: |
Ychwanegu Tag
Dim Tagiau, Byddwch y cyntaf i dagio'r cofnod hwn!
|
| Thư viện lưu trữ: | Trung tâm Học liệu Trường Đại học Cần Thơ |
|---|
| LEADER | 00626nam a2200193Ia 4500 | ||
|---|---|---|---|
| 001 | CTU_169111 | ||
| 008 | 210402s9999 xx 000 0 und d | ||
| 020 | |c 39000 | ||
| 082 | |a 519.7 | ||
| 082 | |b Tr513 | ||
| 100 | |a Nguyễn Viết Trung | ||
| 245 | 0 | |a Thiết kế tối ưu | |
| 245 | 0 | |c Nguyễn Viết Trung | |
| 260 | |a Hà Nội | ||
| 260 | |b Xây dựng | ||
| 260 | |c 2009 | ||
| 650 | |a Mathematical optimization,Programming (mathematics),Lập trình (Toán học),Tối ưu hóa toán học | ||
| 904 | |i Trọng Hiếu | ||
| 980 | |a Trung tâm Học liệu Trường Đại học Cần Thơ | ||